Iniciación en la historia literaria española

Gespeichert in:
Bibliographische Detailangaben
1. Verfasser: Gili y Gaya, Samuel
Format: Buch
Sprache:Undetermined
Veröffentlicht: Madrid, España Spes 1952
Ausgabe:2
Schlagworte:
Tags: Tag hinzufügen
Keine Tags, Fügen Sie den ersten Tag hinzu!

MARC

LEADER 00000nam a2200000Ia 4500
008 170316s9999 xx 000 0 und d
090 |a 801 G-16i 
100 |a Gili y Gaya, Samuel 
245 |a Iniciación en la historia literaria española 
250 |a 2 
260 |a Madrid, España 
260 |b Spes 
260 |c 1952 
300 |a 120 páginas 
650 |a TEORÍA LITERARIA 
999 |c 20299  |d 20299 
040 |a cru BVZT 
942 |c 15 D  |h 801 G-16i  |2 z